Представление документа в формате MARC21

Поле Инд. ПП Название Значение
Тип записи a
Библиографический уровень c
001 Контрольный номер 2a5c678d33484a7fab829ccbe86419f3
005 Дата корректировки 20250814143753.7
040 b Код языка каталог. rus
e Правила каталог. PSBO
041 0_ a Код языка текста rus
097 b Оператор *Ви*
245 10 a Заглавие Рабочая программа дисциплины образовательного компонента "История и философия науки" для всех научных специальностей подготовки научных и научно-педагогических кадров в аспирантуре. Форма обучения - очная
c Ответственность Кафедра "Психология, история и философия"
c Ответственность разработчик Е.А. Евстифеева
b Продолж. заглавия в составе учебно-методического комплекса
260 c Дата издания 2022
a Место издания Тверь
b Издательство ТвГТУ
440 _0 a Серия УМК-РП
516 8_ a Прим. о типе комп. файла/ данных Текст : электронный
535 1_ a Хранилище Сервер
773 18 w Контрольный № источника 116104
900 a Имя макрообъекта 001-000188116-000000000-0000-0000-01
901 t Тип документа y
905 b Дата создания записи обработка 14.08.25
922 c Кафедра Психология, история и философия
951 i EL-ТГТУ? Да